| 000 | 00678nam a2200265Ia 4500 | ||
|---|---|---|---|
| 003 | OSt | ||
| 005 | 20220912152748.0 | ||
| 006 | a|||||r|||| 00| 0 | ||
| 007 | ta | ||
| 008 | 220909b |||||||| |||| 00| 0 eng d | ||
| 024 | _a35530 | ||
| 037 | _cTextual | ||
| 040 |
_aCSL _beng _cCSL |
||
| 041 | _aeng | ||
| 082 | _aE34:5, G8 | ||
| 100 | _aNiederl Joseph B | ||
| 245 | 0 | _aMciromethods of quantitative organic elementary analysis | |
| 260 | _c1938 | ||
| 300 |
_ap. _ccm. |
||
| 650 | _a Organic analysis | ||
| 650 | _aChemistry | ||
| 700 | _a Niederl Victor | ||
| 942 |
_hE34:5, G8 _cTEXL _2CC |
||
| 999 |
_c91570 _d91570 |
||